Associate Assessment (Record no. 121273)
[ view plain ]
| 000 -LEADER | |
|---|---|
| fixed length control field | 01240nam a22002057a 4500 |
| 008 - FIXED-LENGTH DATA ELEMENTS--GENERAL INFORMATION | |
| fixed length control field | 161222s2017 xxk|||||o|||| 00| 0 eng d |
| 041 ## - LANGUAGE CODE | |
| Language code of text/sound track or separate title | eng |
| 110 ## - MAIN ENTRY--CORPORATE NAME | |
| Corporate author | Royal Institution of Chartered Surveyors |
| 245 ## - TITLE STATEMENT | |
| Title | Associate Assessment |
| Subtitle | Building Control Pathway Guide |
| Medium | [Electronic resource] |
| 260 ## - PUBLICATION INFORMATION | |
| Place of publication | London, |
| Publisher | Royal Institution of Chartered Surveyors, |
| Date | 2017 |
| 300 ## - PHYSICAL DESCRIPTION | |
| Physical description | 17p |
| 490 ## - SERIES TITLE | |
| Series statement | RICS APC Pathway Guide |
| 520 ## - ABSTRACT | |
| Abstract | During your journey towards a RICS qualification, you are assessed on your sector-specific skills, knowledge and experience. For this pathway you ensure that building regulations and other legislation are followed in the design and construction stages of new and altered buildings, giving advice when designs fail to meet standards or where unforeseen problems are found on site. This includes fire safety, energy conservation, structural stability and disabled access. |
| 650 ## - KEYWORDS | |
| Keywords | Building Control |
| 690 ## - BROAD SUBJECT | |
| 9 (RLIN) | 6216 |
| Broad subject | APC |
| 690 ## - BROAD SUBJECT | |
| 9 (RLIN) | 6222 |
| Broad subject | Building control |
| 710 ## - ADDED CORPORATE NAME | |
| Added corporate author | Royal Institution of Chartered Surveyors |
| 856 ## - ONLINE RESOURCE | |
| Uniform Resource Identifier | <a href="https://www.rics.org/globalassets/rics-website/media/qualify/pathway-guides/building-control-pathway-guide-associate-rics.pdf">https://www.rics.org/globalassets/rics-website/media/qualify/pathway-guides/building-control-pathway-guide-associate-rics.pdf</a> |
| Public note | Available free on RICS.org |
| 942 ## - ADDED ENTRY ELEMENTS (KOHA) | |
| Suppress in OPAC | Do not suppress in OPAC |
| Lost status | Damaged status | Not for loan | Current library | Date acquired | Total Checkouts | Date last seen | Price effective from | Koha item type |
|---|---|---|---|---|---|---|---|---|
| Virtual | 16/12/2022 | 16/12/2022 | 16/12/2022 | Online material |